Estudio sobre formulaciones de resinas poliester no saturadas para recubrimientos industriales / Jaime Hernandez Lopez (Registro nro. 16942)
[ vista simple ]
| 000 -LÍDER | |
|---|---|
| fixed length control field | 00518nam a2200133 4500 |
| 008 - ELEMENTOS DE LONGITUD FIJA -- INFORMACIÓN GENERAL | |
| fixed length control field | 0 1968 0a 000 0MEX |
| 050 ## - SIGNATURA TOPOGRAFICA DE LA BIBLIOTECA DEL CONGRESO (LC) | |
| Número de Clasificación | TP155 H769 1968 |
| 082 ## - NUMERO DE CLASIFICACION DECIMAL DEWEY | |
| Número de Clasificación | 668.422.5 H769e |
| 100 ## - ASIENTO PRINCIPAL--NOMBRE PERSONAL | |
| Nombre personal | Hernandez Lopez, Jaime |
| 245 ## - TÍTULO | |
| Título | Estudio sobre formulaciones de resinas poliester no saturadas para recubrimientos industriales / Jaime Hernandez Lopez |
| 300 ## - DESCRIPCIÓN FÍSICA | |
| Extensión | 43 p. / 23 cm. |
| 502 ## - NOTA DE TESIS | |
| Nota de tesis | (Ing. Quimica) - Instituto Tecnologico de Durango - |
| 650 ## - ASIENTO SECUNDARIO DE MATERIA - TERMINO TEMÁTICO | |
| Término temático o nombre geográfico como elemento de entrada | 1.TEMPERATURA DE EQUILIBRIO \ 2.CONTROL DE CALIDAD |
| No. biblioteca | No. biblioteca | Número de clasificación | Código de barras/Número de adquisición | Número de copia | Tipo de material |
|---|---|---|---|---|---|
| TESIS QUÍMICA | TESIS QUÍMICA | 668.422.5 H769e | Q137-1968 | 1 | Tesis |
